[Event "VIE-ch U11"]
[Site "Ho Chi Minh City"]
[Date "2022.07.15"]
[Round "7"]
[White "Vu, Bui Hoang Hai"]
[Black "Cao, Tri Dung"]
[Result "1-0"]
[WhiteElo "2352"]
[BlackElo "2351"]
[PlyCount "77"]
[EventDate "2022.07.11"]
[EventType "swiss"]
[EventRounds "9"]
[EventCountry "VIE"]
[SourceTitle "EXT 2023"]
[Source "ChessBase"]
[SourceDate "2022.10.05"]
[SourceVersion "1"]
[SourceVersionDate "2022.10.05"]
[SourceQuality "1"]

1. d4 d5 2. c4 e6 3. Nc3 Nf6 4. e3 Nc6 5. Nf3 Bb4 6. Bd3 0-0 7. Bd2 Bd7 8. 0-0 Re8 9. c5 h6 10. a3 Bxc3 11. Bxc3 b6 12. cxb6 cxb6 13. Rc1 Bc8 14. Bd2 Bb7 15. Bb5 Rc8 16. Ne5 Nxe5 17. Rxc8 Qxc8 18. Bxe8 Qxe8 19. dxe5 Nd7 20. Bc3 Nc5 21. Bb4 Nd7 22. Bd6 f6 23. Qa4 fxe5 24. Bxe5 Qc8 25. Bc3 Ba6 26. Qg4 Qf8 27. Qxe6+ Qf7 28. Qxf7+ Kxf7 29. Rd1 Bc4 30. e4 Bb3 31. Rd2 Bc4 32. exd5 Bb5 33. Rd4 Nf6 34. Rf4 Bd7 35. Bxf6 gxf6 36. f3 Kg6 37. Kf2 Kg5 38. Ke3 f5 39. Rc4 1-0